00497nam a22001577a 450000500170000001000150001702000260003203500130005803700130007108200100008410000180009424500980011226000530021027000510026330000250031420100820115139.0 aENG-101018 a9788190428651c500.00 aEN-84551 bDBAD/PUB a155.5 aSharma, Nidhi aRole of parental involvement and aspirations on achievement of adolescents /cby Nidhi Sharma aPatialabTwenty First Century Publicationsc2009 aOpposite Main Road, Punjab UniversitybPatiala axiv,263p.c22cm (Hb)